Exercices d'algèbre

Gardado en:
Detalles Bibliográficos
Autor Principal: Rivaud, Jacques (Author)
Formato: Libro
Idioma:francés
Publicado: París Librairie Vuibert 1964
Edición:4a. ed
Subjects:
Tags: Engadir etiqueta
Sen Etiquetas, Sexa o primeiro en etiquetar este rexistro!

MARC

LEADER 00000cam a2200000 a 4500
001 UCF2295
003 CL-VaPUC
008 120817e19640000FR |||||||||||||||||fre|d
082 0 4 |a 512  |b RIV  |2 21 
100 0 |a Rivaud, Jacques  |e author  |9 563885 
245 1 0 |a Exercices d'algèbre 
250 |a 4a. ed 
300 |a t 
942 |c BK 
945 |d 20120817 00:00:00  |a cmena 
260 |a París  |b Librairie Vuibert  |c 1964 
500 |a A l'usage des candidats aux grandes écoles, programmes A, B, C, aux écoles normales supérieures, aux examens de M.G.P., de M.P.C. et de la licence de mathématiques 
650 0 |a Álgebra  |9 259567 
650 0 |a Problemas, ejercicios, etc  |9 259377 
583 |a last modification  |c 20120817 11:35:00  |k Rodrigo Vera 
999 |c 348868  |d 348866 
952 |0 0  |1 0  |4 0  |6 512_000000000000000_RIV_1964  |7 0  |8 A  |9 451119  |a BIBMAT  |b BIBMAT  |d 2019-11-22  |h t.1  |i 4890035  |o 512 RIV 1964  |p 4890035  |r 2025-01-07  |w 2019-11-22  |y BK  |k MAT